[Event "FRA-ch U16"]
[Site "Troyes"]
[Date "2010.04.12"]
[Round "2"]
[White "Loiseau, Quentin"]
[Black "Hallope, Arnaud"]
[Result "1-0"]
[WhiteElo "2185"]
[BlackElo "1895"]
[PlyCount "113"]
[EventDate "2010.04.11"]
[EventType "swiss"]
[EventRounds "9"]
[EventCountry "FRA"]
[SourceTitle "EXT 2012"]
[Source "ChessBase"]
[SourceDate "2011.11.24"]
[SourceVersion "1"]
[SourceVersionDate "2011.11.24"]
[SourceQuality "1"]

1. d4 Nf6 2. c4 g6 3. Nc3 d5 4. cxd5 Nxd5 5. e4 Nxc3 6. bxc3 Bg7 7. Be3 c5 8. Nf3 0-0 9. Qd2 Qa5 10. Rc1 cxd4 11. cxd4 Qxd2+ 12. Nxd2 b6 13. Be2 Na6 14. Nb3 Bb7 15. Kd2 Rac8 16. a3 Rfd8 17. Rxc8 Rxc8 18. Bf4 e5 19. Bxa6 Bxa6 20. Bxe5 Bxe5 21. dxe5 Re8 22. f4 Rd8+ 23. Kc3 Rd3+ 24. Kc2 Re3 25. Rd1 Bb5 26. Rd8+ Kg7 27. Nd4 Ba4+ 28. Kd2 Rxe4 29. Ne2 g5 30. Kd3 Bc2+ 31. Kd2 Bb3 32. Nd4 Ba4 33. Nf5+ Kg6 34. g4 h6 35. Rd6+ Kh7 36. Rxh6+ Kg8 37. Ne7+ Kf8 38. Nf5 Kg8 39. fxg5 Rxg4 40. Rf6 Rxg5 41. Nh6+ Kg7 42. Nxf7 Rxe5 43. Nxe5 Kxf6 44. Nc4 b5 45. Nb2 Bb3 46. Kc3 Be6 47. Kb4 a6 48. Ka5 Bc8 49. Nd3 Kg5 50. Nc5 Kh4 51. Nxa6 Kh3 52. Kxb5 Kxh2 53. Nc5 Kg3 54. a4 Kf4 55. Kb6 Ke5 56. a5 Kd5 57. Nb7 1-0

[Event "Nantes op 8th"]
[Site "Nantes"]
[Date "2009.12.??"]
[Round "2"]
[White "Hallope, Arnaud"]
[Black "Prie, Eric"]
[Result "0-1"]
[WhiteElo "1828"]
[BlackElo "2491"]
[PlyCount "43"]
[EventDate "2009.12.??"]
[EventType "swiss"]
[EventRounds "9"]
[EventCountry "FRA"]
[SourceTitle "CBM 134 Extra"]
[Source "ChessBase"]
[SourceDate "2010.03.03"]
[SourceVersion "1"]
[SourceVersionDate "2010.03.03"]
[SourceQuality "1"]

1. e4 d5 2. exd5 Qxd5 3. Nc3 Qa5 4. d4 Nf6 5. Bd2 Bg4 6. Nf3 Nbd7 7. Bc4 Qb6 8. Bb3 c6 9. 0-0 0-0-0 10. Be3 Qa5 11. h3 Bh5 12. Qe2 Qf5 13. Rad1 Nb6 14. Nb1 g6 15. c4 Rg8 16. Bc2 Bxf3 17. Qxf3 Qxf3 18. gxf3 Nxc4 19. b3 Nb6 20. Nc3 Nbd5 21. Ne4 h5 22. Kh1 0-1

[Event "Pays de Loire-chT"]
[Site "Cholet"]
[Date "2009.??.??"]
[Round "1"]
[White "Gerfault, Alexandre"]
[Black "Hallope, Arnaud"]
[Result "0-1"]
[WhiteElo "1460"]
[BlackElo "1799"]
[PlyCount "58"]
[EventDate "2009.06.??"]
[EventType "team-tourn"]
[EventRounds "6"]
[EventCountry "FRA"]
[SourceTitle "EXT 2010"]
[Source "ChessBase"]
[SourceDate "2010.11.25"]
[SourceVersion "1"]
[SourceVersionDate "2010.11.25"]
[SourceQuality "1"]

1. d4 Nf6 2. e3 g6 3. Nf3 Bg7 4. Bd3 d5 5. 0-0 0-0 6. Re1 b6 7. Nbd2 c5 8. c3 Bb7 9. e4 dxe4 10. Nxe4 cxd4 11. cxd4 Nc6 12. Be3 Nd5 13. Qa4 Nxe3 14. fxe3 e5 15. Bb5 Rc8 16. Rad1 exd4 17. exd4 a6 18. Bxa6 Ra8 19. d5 Ne7 20. Qb4 Rxa6 21. Nd6 Bxd5 22. Nb7 Qa8 23. Rxe7 Bxb7 24. Ng5 Bxg2 25. Rdd7 Rxa2 26. Qf4 Ra1+ 27. Kf2 Rf1+ 28. Kg3 Rxf4 29. Kxf4 Bh6 0-1

[Event "Pays de Loire-chT"]
[Site "Cholet"]
[Date "2009.??.??"]
[Round "6"]
[White "Hallope, Arnaud"]
[Black "Beaulieu, Michel"]
[Result "1-0"]
[WhiteElo "1799"]
[BlackElo "1692"]
[PlyCount "107"]
[EventDate "2009.06.??"]
[EventType "team-tourn"]
[EventRounds "6"]
[EventCountry "FRA"]
[SourceTitle "EXT 2010"]
[Source "ChessBase"]
[SourceDate "2010.11.25"]
[SourceVersion "1"]
[SourceVersionDate "2010.11.25"]
[SourceQuality "1"]

1. e4 e5 2. Nf3 Nc6 3. d4 exd4 4. Nxd4 Nf6 5. Nxc6 bxc6 6. e5 Nd5 7. c4 Bb4+ 8. Nd2 Nf4 9. a3 Be7 10. Ne4 Ng6 11. f4 d6 12. exd6 cxd6 13. Be2 Bf5 14. Ng3 Bh4 15. 0-0 Bxg3 16. hxg3 0-0 17. g4 Be4 18. Be3 Nh4 19. g3 Re8 20. Bf2 Ng6 21. Bf3 d5 22. Kg2 Rb8 23. b3 Qd7 24. Re1 Bxf3+ 25. Qxf3 Qb7 26. cxd5 cxd5 27. Rad1 Rxe1 28. Rxe1 f6 29. b4 a6 30. Re6 Rd8 31. Bd4 Qb5 32. Qe3 Qa4 33. Qd3 Qb5 34. Qxb5 axb5 35. Rb6 Ra8 36. Rxb5 Rxa3 37. Rxd5 Rd3 38. Rd7 Nf8 39. Rd6 Kf7 40. Bc5 Rxd6 41. Bxd6 Nd7 42. f5 Ke8 43. Kf3 Nb6 44. Bc5 Nc4 45. Kf4 Nb2 46. Ke4 Nd1 47. Bd4 Kd7 48. b5 Kc7 49. Kd3 Kd6 50. Kd2 Nb2 51. Bxb2 Kc5 52. Ke3 Kxb5 53. g5 fxg5 54. Bxg7 1-0

[Event "Pays de Loire-chT"]
[Site "Cholet"]
[Date "2009.??.??"]
[Round "2"]
[White "Hallope, Arnaud"]
[Black "Crouan, Stephane"]
[Result "0-1"]
[WhiteElo "1799"]
[BlackElo "2208"]
[PlyCount "64"]
[EventDate "2009.06.??"]
[EventType "team-tourn"]
[EventRounds "6"]
[EventCountry "FRA"]
[SourceTitle "EXT 2010"]
[Source "ChessBase"]
[SourceDate "2010.11.25"]
[SourceVersion "1"]
[SourceVersionDate "2010.11.25"]
[SourceQuality "1"]

1. e4 c5 2. c3 d5 3. exd5 Qxd5 4. d4 g6 5. Nf3 Bg7 6. Na3 cxd4 7. Bc4 Qe4+ 8. Be3 Nh6 9. Nb5 0-0 10. Nbxd4 Nc6 11. 0-0 Nf5 12. Re1 Nxe3 13. Rxe3 Qf4 14. Nxc6 bxc6 15. Qb3 Rb8 16. Qa4 Be6 17. Rxe6 fxe6 18. Bxe6+ Kh8 19. Qxa7 Rxb2 20. Qxe7 Bxc3 21. Rd1 Bd4 22. h3 Bxf2+ 23. Kh1 Bg3 24. Bc4 Rxg2 25. Qxf8+ Qxf8 26. Kxg2 Qc5 27. Rd4 Bc7 28. Bb3 Bb6 29. Kg3 Qe7 30. Rd2 h5 31. h4 Qe4 32. Bd1 c5 0-1

[Event "Rohde op 08th"]
[Site "Sautron"]
[Date "2008.10.31"]
[Round "8"]
[White "Hallope, Arnaud"]
[Black "Bonn, Thomas"]
[Result "0-1"]
[WhiteElo "1740"]
[BlackElo "2230"]
[PlyCount "96"]
[EventDate "2008.10.25"]
[EventType "swiss"]
[EventRounds "9"]
[EventCountry "FRA"]
[SourceTitle "EXT 2009"]
[Source "ChessBase"]
[SourceDate "2008.11.26"]
[SourceVersion "1"]
[SourceVersionDate "2008.11.26"]
[SourceQuality "1"]

1. e4 d5 2. exd5 Nf6 3. d4 Nxd5 4. c4 Nb6 5. Nc3 g6 6. Be3 Bg7 7. h3 0-0 8. Nf3 Nc6 9. Be2 Qd7 10. Qd2 Rd8 11. Rd1 Nb8 12. 0-0 c6 13. Ne4 Qe8 14. Qc1 N8d7 15. Bh6 Qf8 16. Bxg7 Qxg7 17. Rfe1 Nf6 18. Nxf6+ Qxf6 19. Qh6 Bf5 20. Ng5 Qg7 21. Qxg7+ Kxg7 22. b3 h6 23. Nf3 Be6 24. Bd3 Kf6 25. Bc2 Re8 26. Ne5 Rad8 27. Ng4+ Bxg4 28. hxg4 Rd7 29. Re2 Red8 30. Red2 Kg5 31. f3 e5 32. d5 cxd5 33. cxd5 Rxd5 34. Rxd5 Rxd5 35. Rxd5 Nxd5 36. a3 f5 37. gxf5 gxf5 38. Kf2 Nc3 39. a4 a5 40. Ke3 Nd5+ 41. Kf2 h5 42. Bd3 h4 43. g3 hxg3+ 44. Kxg3 Nc3 45. Bc2 Ne2+ 46. Kf2 Nd4 47. Bd1 Kf4 48. Kg2 Ke3 0-1

[Event "Gorges op 17th"]
[Site "Gorges"]
[Date "2007.??.??"]
[Round "4"]
[White "Gayon, Benoit"]
[Black "Hallope, Arnaud"]
[Result "1-0"]
[WhiteElo "1993"]
[BlackElo "1736"]
[PlyCount "53"]
[EventDate "2007.07.08"]
[EventType "swiss"]
[EventRounds "7"]
[EventCountry "FRA"]
[SourceTitle "CBM 119 Extra"]
[Source "ChessBase"]
[SourceDate "2007.09.04"]
[SourceVersion "1"]
[SourceVersionDate "2007.09.04"]
[SourceQuality "1"]

1. e4 c6 2. d4 d5 3. e5 c5 4. c3 Nc6 5. Be3 Bf5 6. Nf3 e6 7. dxc5 Qc7 8. Bd4 Nge7 9. Na3 a6 10. Qa4 Rd8 11. Nh4 g5 12. Nxf5 Nxf5 13. Bd3 Bg7 14. Bxf5 exf5 15. 0-0 0-0 16. f4 gxf4 17. Rxf4 Bxe5 18. Bxe5 Nxe5 19. Qd4 Ng4 20. h3 Nh6 21. Rh4 Qc6 22. Rf1 Rfe8 23. Rf3 Re6 24. Rg3+ Kf8 25. Nc2 Rde8 26. Qg7+ Ke7 27. Nd4 1-0

[Event "FRA-chT U20 0506"]
[Site "France"]
[Date "2005.11.13"]
[Round "3.5"]
[White "Lagarde, Maxime"]
[Black "Hallope, Arnaud"]
[Result "1/2-1/2"]
[WhiteElo "2175"]
[BlackElo "1710"]
[PlyCount "147"]
[EventDate "2005.11.12"]
[EventType "team-tourn"]
[EventRounds "3"]
[EventCountry "FRA"]
[SourceTitle "CBM 109 Extra"]
[Source "ChessBase"]
[SourceDate "2006.01.03"]
[SourceVersion "2"]
[SourceVersionDate "2006.01.03"]
[SourceQuality "1"]

1. e4 c6 2. Nf3 d5 3. exd5 cxd5 4. Ne5 Nf6 5. d4 Nc6 6. Bb5 Bd7 7. Nxd7 Qxd7 8. c3 e6 9. 0-0 Be7 10. Nd2 0-0 11. Nf3 a6 12. Bd3 b5 13. a3 Rfb8 14. g3 a5 15. Kg2 b4 16. h4 Ne4 17. Bxe4 dxe4 18. Ng5 Qd5 19. Qh5 Bxg5 20. hxg5 bxc3 21. bxc3 Rb3 22. Be3 Qf5 23. Bd2 Qd5 24. c4 Qf5 25. Be3 Rd8 26. Rfd1 Rc3 27. Qe2 Qf3+ 28. Qxf3 exf3+ 29. Kxf3 Rxc4 30. Rac1 Rxc1 31. Rxc1 Ne7 32. Rc5 Rd5 33. Rc7 Kf8 34. Ra7 Nc6 35. Ra6 Nxd4+ 36. Bxd4 Rxd4 37. Rxa5 f6 38. gxf6 gxf6 39. Ke3 Rd1 40. Rb5 Ra1 41. Rb3 Kg7 42. Kd4 Ra2 43. Rf3 Rb2 44. Kc4 Kf7 45. a4 Ke7 46. a5 f5 47. a6 Rc2+ 48. Kb5 Kd6 49. Kb6 Rb2+ 50. Ka7 Rb5 51. Rc3 Kd7 52. Rc4 Rb2 53. f3 Rb3 54. Rf4 Kc6 55. g4 fxg4 56. fxg4 Rb5 57. Rf7 h5 58. Re7 hxg4 59. Rxe6+ Kd7 60. Rg6 Rb4 61. Rg7+ Kc8 62. Rb7 Re4 63. Rb6 g3 64. Rc6+ Kd8 65. Rc2 Rb4 66. Ka8 Rb6 67. a7 Kd7 68. Rd2+ Rd6 69. Rg2 Rd3 70. Kb7 Rb3+ 71. Ka6 Ra3+ 72. Kb6 Kd6 73. Rd2+ Ke7 74. Rg2 1/2-1/2

[Event "FRA-chT U20a 0405"]
[Site "France"]
[Date "2005.05.15"]
[Round "10.5"]
[White "Hallope, Arnaud"]
[Black "Domenech, Vianney"]
[Result "0-1"]
[WhiteElo "1550"]
[BlackElo "1710"]
[PlyCount "62"]
[EventDate "2004.11.19"]
[EventType "team-tourn"]
[EventRounds "11"]
[EventCountry "FRA"]
[SourceTitle "EXT 2006"]
[Source "ChessBase"]
[SourceDate "2005.11.24"]
[SourceVersion "1"]
[SourceVersionDate "2005.11.24"]
[SourceQuality "1"]

1. e4 c5 2. Nf3 Nc6 3. d4 cxd4 4. Nxd4 Nf6 5. Nc3 e5 6. Ndb5 d6 7. Bg5 a6 8. Na3 b5 9. Bxf6 gxf6 10. Nd5 f5 11. c3 Bg7 12. Bd3 Be6 13. Nxb5 axb5 14. Bxb5 Rc8 15. Qa4 Bd7 16. exf5 0-0 17. 0-0 Ra8 18. Qg4 Kh8 19. Kh1 Qa5 20. a4 Rfb8 21. f4 exf4 22. Qxf4 Be5 23. Qg5 Rg8 24. Qh5 f6 25. g4 Rg5 26. Qf7 Rg7 27. Qh5 Rag8 28. h3 Nb8 29. Bxd7 Nxd7 30. Qh6 Qxa4 31. Nc7 Qe4+ 0-1

[Event "FRA-chT U20 0304"]
[Site "France"]
[Date "2004.05.01"]
[Round "10"]
[White "Hallope, Arnaud"]
[Black "Domenech, Vianney"]
[Result "1-0"]
[WhiteElo "1350"]
[BlackElo "1580"]
[PlyCount "121"]
[EventDate "2003.11.??"]
[EventType "team-tourn"]
[EventRounds "11"]
[EventCountry "FRA"]
[SourceTitle "EXT 2005"]
[Source "ChessBase"]
[SourceDate "2004.11.15"]
[SourceVersion "1"]
[SourceVersionDate "2004.11.15"]
[SourceQuality "1"]
[WhiteTeam "Sautron"]
[BlackTeam "Montpellier"]
[WhiteTeamCountry "FRA"]
[BlackTeamCountry "FRA"]

1. e4 c6 2. d4 d5 3. Nc3 dxe4 4. Nxe4 Nd7 5. Nf3 Ngf6 6. Nxf6+ Nxf6 7. h3 Bf5 8. Be3 e6 9. Bd3 Bxd3 10. Qxd3 Qc7 11. 0-0-0 0-0-0 12. Qb3 Bd6 13. Kb1 Nd5 14. c4 Nxe3 15. Qxe3 Bf4 16. Qa3 Kb8 17. Qb3 Rd7 18. g3 Bd6 19. h4 Rhd8 20. Rhe1 Rc8 21. Rc1 c5 22. dxc5 Qxc5 23. Qe3 Qxe3 24. Rxe3 Rdc7 25. Rec3 e5 26. a3 a5 27. Ka2 f6 28. g4 e4 29. Nd2 Bf4 30. R1c2 Bxd2 31. Rxd2 Rxc4 32. Rxc4 Rxc4 33. Rd7 Rc7 34. Rxc7 Kxc7 35. Kb3 g6 36. Kc4 f5 37. gxf5 gxf5 38. Kd5 f4 39. Kxe4 f3 40. Kxf3 Kd6 41. Kg4 Ke7 42. Kg5 Kf7 43. Kf5 h6 44. h5 b6 45. a4 Ke7 46. Kg6 Kf8 47. f4 Kg8 48. f5 Kh8 49. f6 Kg8 50. f7+ Kf8 51. b3 b5 52. axb5 a4 53. b6 axb3 54. b7 b2 55. b8Q+ Ke7 56. f8Q+ Kd7 57. Qf7+ Kc6 58. Qxb2 Kc5 59. Qc7+ Kd5 60. Qd2+ Ke6 61. Qcd6# 1-0

[Event "FRA-chT U20 0304"]
[Site "France"]
[Date "2004.??.??"]
[Round "7"]
[White "Aflalo, Sophie"]
[Black "Hallope, Arnaud"]
[Result "1-0"]
[WhiteElo "1490"]
[BlackElo "1350"]
[PlyCount "59"]
[EventDate "2003.11.??"]
[EventType "team-tourn"]
[EventRounds "11"]
[EventCountry "FRA"]
[SourceTitle "EXT 2005"]
[Source "ChessBase"]
[SourceDate "2004.11.15"]
[SourceVersion "1"]
[SourceVersionDate "2004.11.15"]
[SourceQuality "1"]
[WhiteTeam "AECE"]
[BlackTeam "Sautron"]
[WhiteTeamCountry "FRA"]
[BlackTeamCountry "FRA"]

1. e4 c6 2. c4 d5 3. cxd5 cxd5 4. exd5 Nf6 5. d4 Nxd5 6. g3 Bf5 7. Nc3 Nc6 8. Bg2 e6 9. Nf3 Bb4 10. Bd2 0-0 11. 0-0 Qb6 12. Ne2 Rad8 13. Rc1 Rfe8 14. Be3 e5 15. Qb3 Nxe3 16. fxe3 exd4 17. Nfxd4 Nxd4 18. Nxd4 Bg6 19. Kh1 Bd2 20. Rcd1 Qxb3 21. Nxb3 Bc2 22. Rxd2 Rxd2 23. Nxd2 Rxe3 24. Rc1 Bf5 25. Bxb7 Re2 26. Rf1 Bh3 27. Rd1 g5 28. Bf3 Rf2 29. g4 Kg7 30. Kg1 1-0

[Event "FRA-chT U20 0304"]
[Site "France"]
[Date "2004.??.??"]
[Round "6"]
[White "Hallope, Arnaud"]
[Black "Moussard, Jules"]
[Result "0-1"]
[WhiteElo "1350"]
[BlackElo "1930"]
[PlyCount "60"]
[EventDate "2003.11.??"]
[EventType "team-tourn"]
[EventRounds "11"]
[EventCountry "FRA"]
[SourceTitle "EXT 2005"]
[Source "ChessBase"]
[SourceDate "2004.11.15"]
[SourceVersion "1"]
[SourceVersionDate "2004.11.15"]
[SourceQuality "1"]
[WhiteTeam "Sautron"]
[BlackTeam "Paris NAO"]
[WhiteTeamCountry "FRA"]
[BlackTeamCountry "FRA"]

1. e4 c5 2. Nf3 d6 3. d4 cxd4 4. Nxd4 Nf6 5. Nc3 g6 6. Be3 Bg7 7. f3 0-0 8. Qd2 Nc6 9. Bc4 Bd7 10. 0-0-0 Qa5 11. Kb1 Rfc8 12. Bb3 Ne5 13. g4 Nc4 14. Bxc4 Rxc4 15. h4 Rac8 16. Nce2 Qxd2 17. Rxd2 a5 18. h5 a4 19. hxg6 fxg6 20. Re1 e5 21. b3 R4c7 22. Nf5 gxf5 23. gxf5 d5 24. exd5 Bxf5 25. Rc1 axb3 26. axb3 Ra8 27. d6 Rc6 28. Rh1 e4 29. fxe4 Nxe4 30. Rd5 Ra1# 0-1

[Event "FRA-chT U20 0304"]
[Site "France"]
[Date "2003.11.??"]
[Round "1"]
[White "Lagarde, Maxime"]
[Black "Hallope, Arnaud"]
[Result "0-1"]
[WhiteElo "1460"]
[BlackElo "1350"]
[PlyCount "98"]
[EventDate "2003.11.??"]
[EventType "team-tourn"]
[EventRounds "11"]
[EventCountry "FRA"]
[SourceTitle "EXT 2005"]
[Source "ChessBase"]
[SourceDate "2004.11.15"]
[SourceVersion "1"]
[SourceVersionDate "2004.11.15"]
[SourceQuality "1"]
[WhiteTeam "Niort"]
[BlackTeam "Sautron"]
[WhiteTeamCountry "FRA"]
[BlackTeamCountry "FRA"]

1. d4 d5 2. Nf3 Nf6 3. g3 e6 4. Bg2 Be7 5. 0-0 0-0 6. c4 b6 7. Ne5 c5 8. dxc5 bxc5 9. Bf4 Bb7 10. Nc3 Re8 11. a4 Na6 12. Qd2 Nc7 13. a5 a6 14. Rfe1 Rb8 15. e4 dxe4 16. Qxd8 Rexd8 17. Bxe4 Nxe4 18. Nxe4 Bxe4 19. Rxe4 Rxb2 20. Nc6 Rd7 21. Re5 Bf8 22. Be3 f6 23. Rh5 e5 24. f4 g6 25. Rh3 Rc2 26. fxe5 fxe5 27. Nxe5 Re7 28. Bf4 g5 29. Nc6 gxf4 30. Nxe7+ Bxe7 31. gxf4 Rxc4 32. Raa3 Rxf4 33. Rhg3+ Kf7 34. Rgf3 Rxf3 35. Rxf3+ Bf6 36. Rf4 Nd5 37. Rf5 Ke6 38. Rf3 c4 39. Rf1 c3 40. Re1+ Kd6 41. Kg2 c2 42. Rc1 Nb4 43. h4 Bxh4 44. Rxc2 Nxc2 45. Kh2 Be1 46. Kg2 Bxa5 47. Kf3 Bc3 48. Ke2 Bg7 49. Kd2 Nd4 0-1